| 000 | 00962njm a2200265Ia 4500 | ||
|---|---|---|---|
| 001 | 26081 | ||
| 003 | IT-RoPAU | ||
| 005 | 20220918181126.0 | ||
| 008 | 131025s9999 xx 000 0 und d | ||
| 040 | _aIT-RoPAU | ||
| 040 | _cIT-RoPAU | ||
| 999 |
_c100208 _d100208 |
||
| 999 | _bNO | ||
| 100 |
_aAssandri William _915552 |
||
| 100 |
_eAutore musica _915553 |
||
| 100 |
_gCodice autore musica SPICS: 7858 _915554 |
||
| 245 | _aBrani panoramici per commenti musicali | ||
| 250 | _a1a ed. | ||
| 260 | _aROMA | ||
| 260 |
_bSPICS RECORDS _c1985 [1a Ed.:1985] |
||
| 300 | _aMUSICASSETTA | ||
| 500 | _aMusica strumentale | ||
| 505 | _aPianura verde - Città morta - Etrusca - Soviet città - Minatori - Sotteraneo - Rovine etrusche - Pompei - Ritorno d'emigranti - Terre lontane - Panorama sulla città - Paese abbandonato - Cavernicoli - Rovine antiche - Personaggi celebri - Periodo greco | ||
| 650 |
_aSTRUMENTALE [CASSETTE] _eCodice MATERIA SPICS: 9951 _91218 |
||
| 942 |
_cMC _2ddc |
||